000 00609nam a2200181 4500
999 _c171079
_d171079
005 20200108131451.0
010 _aENG-127272
020 _a9789384782368
_c1600.00
035 _aEN-110804
037 _bDBAD/PUB
082 _aN
100 _aSinha,Manju
245 _awoman :
_cby Sinha,Manju
_bA Platform of Resurrection portrayed by D.H Lawrence/
260 _a Delhi
_bDISHA International Publishing House
_c2017
270 _aF-7gali no.1 Panchsheel garden extention naveen Shahdara
_bDelhi
_e110032
_mdishainternationpublishing@gmail.com
300 _axvii,356p.
_c23cm(hb)
942 _2ddc
_cEN
_hN
_mSIN